تكامل اعادة الهندسة مع ادارة الجودة الشاملة / (Record no. 830)

MARC details
000 -LEADER
fixed length control field 00935nam a2200229 a 4500
001 - CONTROL NUMBER
control field 830
005 - DATE AND TIME OF LATEST TRANSACTION
control field 20221127090030.0
008 - FIXED-LENGTH DATA ELEMENTS--GENERAL INFORMATION
fixed length control field 050920s lsu a | 00000|ara d
020 ## - INTERNATIONAL STANDARD BOOK NUMBER
Canceled/invalid ISBN 9960245438 :
Terms of availability رس 75.00
035 ## - SYSTEM CONTROL NUMBER
System control number 843
082 04 - DEWEY DECIMAL CLASSIFICATION NUMBER
Classification number 658.4013
Item number ك805
100 1# - MAIN ENTRY--PERSONAL NAME
Personal name كيلادا، جوزيف.
245 10 - TITLE STATEMENT
Title تكامل اعادة الهندسة مع ادارة الجودة الشاملة /
Statement of responsibility, etc. تاليف جوزيف كيلادا ؛ تعريب سرور علي سرور.
260 ## - PUBLICATION, DISTRIBUTION, ETC.
Place of publication, distribution, etc. الرياض :
Name of publisher, distributor, etc. دار المريخ،
Date of publication, distribution, etc. 2004.
300 ## - PHYSICAL DESCRIPTION
Extent 620 ص. :
Other physical details ايض. ؛
Dimensions 24 سم.
500 ## - GENERAL NOTE
General note ترجمة لكتاب : Integrating reengineering with total quality / Joseph Kelada.
500 ## - GENERAL NOTE
General note باخره مسرد مصطلحات.
650 #4 - SUBJECT ADDED ENTRY--TOPICAL TERM
Topical term or geographic name entry element المواصفات القياسية.
650 #4 - SUBJECT ADDED ENTRY--TOPICAL TERM
Topical term or geographic name entry element ضبط الجودة.
650 #4 - SUBJECT ADDED ENTRY--TOPICAL TERM
Topical term or geographic name entry element الادارة الصناعية.
700 0# - ADDED ENTRY--PERSONAL NAME
Personal name سرور، سرور على ابراهيم،
Relator term مترجم.
Holdings
Withdrawn status Lost status Damaged status Not for loan Home library Current library Date acquired Total Checkouts Full call number Barcode Date last seen Copy number Price effective from Koha item type
        CENTRAL CENTRAL 11/27/2022   658.4013 DF805 1000000004202 11/27/2022 C1 11/27/2022 Book